Pokèmon With BST That Are Not Divisible By 5 - Statistics

General Stats
  • This quiz has been taken 14 times
  • The average score is 93 of 214
Answer Stats
Typing (BST) Answer % Correct
Grass/Poison (318) Bulbasaur
100%
Fire/Flying (534) Charizard
100%
Fire (309) Charmander
100%
Normal/Flying (479) Pidgeot
100%
Normal/Flying (349) Pidgeotto
100%
Normal/Flying (251) Pidgey
100%
Normal (413) Raticate
100%
Normal (253) Rattata
100%
Water (314) Squirtle
100%
Normal/Flying (442) Fearow
88%
Normal/Flying (262) Spearow
88%
Grass (318) Chikorita
75%
Fire/Fighting (528) Emboar
75%
Fire/Fighting (418) Pignite
75%
Fire (308) Tepig
75%
Poison (438) Arbok
63%
Rock/Flying (567) Archeops
63%
Fairy (483) Clefable
63%
Fairy (323) Clefairy
63%
Fairy (218) Cleffa
63%
Water (413) Dewott
63%
Psychic (328) Drowzee
63%
Poison (288) Ekans
63%
Psychic (483) Hypno
63%
Electric (363) Luxio
63%
Electric (523) Luxray
63%
Poison (273) Nidoran (Male)
63%
Water (308) Oshawott
63%
Water (528) Samurott
63%
Grass (528) Serperior
63%
Grass (413) Servine
63%
Electric (263) Shinx
63%
Grass (308) Snivy
63%
Fire (299) Vulpix
63%
Bug/(Steel, Grass, or Ground) (424) Wormadam
63%
Grass/Ice (494) Abomasnow
50%
Rock/Flying (401) Archen
50%
Fire (409) Braixen
50%
Normal (237) Bunnelby
50%
Bug (224) Burmy
50%
Grass (313) Chespin
50%
Fire (309) Chimchar
50%
Fire (309) Cyndaquil
50%
Fire/Psychic (534) Delphox
50%
Normal/Ground (423) Diggersby
50%
Ghost/Flying (498) Drifblim
50%
Ghost/Flying (348) Drifloon
50%
Bug/Steel (484) Durant
50%
Electric/Flying (428) Emolga
50%
Normal/Flying (352) Farfetch'd
50%
Fire (307) Fennekin
50%
Grass/Steel (489) Ferrothorn
50%
Fire/Flying (382) Fletchinder
50%
Normal/Flying (278) Fletchling
50%
Fairy (552) Florges
50%
Poison/Grass (294) Foongus
50%
Water (314) Froakie
50%
Bug/Electric (472) Galvantula
50%
Psychic/Fairy (518) Gardevoir
50%
Ground/Ghost (303) Golett
50%
Ground/Ghost (483) Golurk
50%
Fighting (474) Hariyama
50%
Fire (484) Heatmor
50%
Normal/Flying (262) Hoothoot
50%
Fire/Fighting (534) Infernape
50%
Bug/Electric (319) Joltik
50%
Psychic/Fairy (278) Kirlia
50%
Ground/Dark (351) Krokorok
50%
Ground/Dark (519) Krookodile
50%
Fighting (237) Makuhita
50%
Bug/Flying (414) Masquerain
50%
Bug/Flying (424) Mothim
50%
Bug/Ground (266) Nincada
50%
Bug/Flying (456) Ninjask
50%
Normal/Flying (442) Noctowl
50%
Fire/Flying, Electric/Flying, Psychic/Flying, or Ghost/Flying (476) Oricorio
50%
Water/Ground (384) Palpitoad
50%
Water (316) Panpour
50%
Grass (316) Pansage
50%
Fire (316) Pansear
50%
Normal/Flying (264) Pidove
50%
Water (314) Piplup
50%
Normal (452) Purugly
50%
Psychic/Fairy (198) Ralts
50%
Ground/Dark (292) Sandile
50%
Dark/Fighting (488) Scrafty
50%
Dark/Fighting (348) Scraggy
50%
Water/Ground (509) Seismitoad
50%
Bug/Ghost (236) Shedinja
50%
Water (498) Simipour
50%
Grass (498) Simisage
50%
Fire (498) Simisear
50%
Grass/Ice (334) Snover
50%
Bug (213) Spewpa
50%
Ground/Electric (471) Stunfisk
50%
Poison/Dark (329) Stunky
50%
Bug/Water (269) Surskit
50%
Fire/Flying (499) Talonflame
50%
Water (314) Totodile
50%
Normal/Flying (358) Tranquill
50%
Grass (318) Turtwig
50%
Water (294) Tympole
50%
Fire (534) Typhlosion
50%
Bug/Flying (411) Vivillon
50%
Psychic/Flying (313) Woobat
50%
Rock/Ice (362) Amaura
38%
Poison/Grass (464) Amoonguss
38%
Fiary (462) Aromatisse
38%
Rock/Ice (521) Aurorus
38%
Bug/Flying (244) Combee
38%
Electric/Fairy (431) Dedenne
38%
Normal (288) Ditto
38%
Steel/Ghost (448) Doublade
38%
Ground (328) Drilbur
38%
Ground/Steel (508) Excadrill
38%
Fairy (303) Flabebe
38%
Fairy (371) Floette
38%
Psychic/Fighting (518) Gallade
38%
Poison (474) Garbodor
38%
Grass (531) Gogoat
38%
Poison (302) Gulpin
38%
Electric/Normal (481) Heliolisk
38%
Electric/Normal (289) Helioptile
38%
Dark/Psychic (288) Inkay
38%
Bug (194) Kricketot
38%
Bug (384) Kricketune
38%
Dark (446) Liepard
38%
Fire/Normal (369) Litleo
38%
Dark/Psychic (482) Malamar
38%
Psychic (466) Meowstic
38%
Psychic (292) Munna
38%
Psychic (487) Musharna
38%
Grass/Ghost (309) Phantump
38%
Dark (281) Purrloin
38%
Fire/Normal (507) Pyroar
38%
Poison (458) Seviper
38%
Poison/Dark (479) Skuntank
38%
Fairy (341) Spritzee
38%
Poison (467) Swalot
38%
Water/Flying (473) Swanna
38%
Grass/Ghost (474) Trevenant
38%
Poison (329) Trubbish
38%
Rock/Dragon (521) Tyrantrum
38%
Rock/Dragon (362) Tyrunt
38%
Normal/Flying (488) Unfezant
38%
Bug/Flying (474) Vespiquen
38%
Ghost (303) Yamask
38%
Normal (458) Zangoose
38%
Electric (497) Zebstrika
38%
Bug/Water (454) Araquanid
25%
Ice/Dragon (423) Arctibax
25%
Ice (514) Avalugg
25%
Water/Ground (288) Barboach
25%
Ice (304) Bergmite
25%
Fire/Grass (304) Capsakid
25%
Ice (521) Cetitan
25%
Ice (334) Cetoddle
25%
Normal/Flying (411) Chatot
25%
Rock/Water (284) Chewtle
25%
Ghost (483) Cofagrigus
25%
Water (308) Corphish
25%
Fighting/Ice (478) Crabominable
25%
Fighting (338) Crabrawler
25%
Water/Dark (468) Crawdaunt
25%
Fire (411) Crocalor
25%
Bug/Fairy (304) Cutiefly
25%
Dragon/Normal (501) Cyclizar
25%
Fairy (477) Dachsbun
25%
Bug/Water (269) Dewpider
25%
Ghost/Grass (517) Dhelmise
25%
Grass/Normal (354) Dolliv
25%
Poison/Dragon (494) Dragalge
25%
Psychic (481) Espathra
25%
Fairy (312) Fidough
25%
Normal (472) Furfrou
25%
Grass/Ghost (494) Gourgeist
25%
Normal (418) Gumshoos
25%
Ghost (488) Houndstone
25%
Normal (254) Lechonk
25%
Grass (461) Maractus
25%
Ghost/Fairy (476) Mimikyu
25%
Electric/Dark (436) Morpeko
25%
Water (457) Palafin
25%
Fighting (348) Pancham
25%
Grass/Ghost (308) Poltchageist
25%
Ghost (508) Polteageist
25%
Bug/Fairy (464) Ribombee
25%
Ground/Ghost (483) Runerigus
25%
Fire/Grass (486) Scovillain
25%
Grass/Ghost (508) Sinistcha
25%
Ghost (308) Sinistea
25%
Fighting (507) Sirfetch'd
25%
Dragon (452) Sliggoo
25%
Bug (404) Spidops
25%
Normal/Flying (417) Squawkabilly
25%
Fairy (341) Swirlix
25%
Electric (272) Tadbulb
25%
Fairy/Steel (297) Tinkatink
25%
Fairy/Steel (506) Tinkaton
25%
Electric/Poison (242) Toxel
25%
Electric/Poison (502) Toxtricity
25%
Psychic/Dragon (754) Ultra Necrozma
25%
Psychic (336) Unown
25%
Water/Psychic (478) Veluza
25%
Water/Ground (468) Whiscash
25%
Normal (253) Yungoos
25%
Ground/Dragon (486) Zygarde 10%
25%
Ground/Dragon (708) Zygarde Complete
25%
Normal (482) Ambipom
13%
Rock/Water (306) Binacle
13%
Grass (454) Carnivine
13%
Rock (487) Lycanroc
13%
Normal (534) Type: Null
13%
Normal (489) Oinkalogne
0%
No matching quizzes found
Score Distribution
Percent of People with Each Score
Percentile by Number Answered
Your Score History
You have not taken this quiz